Od strukturálních změn k demilitarizaci sovietské ekonomiky. (II).

Hospodárska situácia v ZSSR od roku 1988. Štatistické porovnanie ekonomík a spotreby v ZSSR a USA. Analýza sovietskej štruktúry ekonomiky, výroba a vývoz zbraní. Štátny program konverzie vojenského priemyslu do roku 1995. Potreba demilitarizácie sovietskej ekonomiky. Charakteristika vojensko-priemys...

Descripción completa

Guardado en:
Detalles Bibliográficos
Autor principal: Kondratěnko, V.
Formato: Capítulo de libro
Lenguaje:checo
Materias:
Etiquetas: Agregar Etiqueta
Sin Etiquetas, Sea el primero en etiquetar este registro!

MARC

LEADER 00000naa a2200000 4500
001 r003449
005 20220819175559.2
041 0 |a cze 
044 |a [CS] 
245 1 0 |a Od strukturálních změn k demilitarizaci sovietské ekonomiky. (II).  |c V. Kondratěnko 
520 |a Hospodárska situácia v ZSSR od roku 1988. Štatistické porovnanie ekonomík a spotreby v ZSSR a USA. Analýza sovietskej štruktúry ekonomiky, výroba a vývoz zbraní. Štátny program konverzie vojenského priemyslu do roku 1995. Potreba demilitarizácie sovietskej ekonomiky. Charakteristika vojensko-priemyselného komplexu. 
610 2 0 |a zmeny štruktúrne 
610 2 0 |a mechanizmus hospodársky 
610 2 0 |a výsledok hospodársky 
610 2 0 |a ZSSR 
610 2 0 |a 1988 
610 2 0 |a porovnanie štatistické medzinárodné 
610 2 0 |a USA 
610 2 0 |a spotreba 
610 2 0 |a konverzia priemyslu 
610 2 0 |a komplex vojensko-priemyselný 
100 1 |a Kondratěnko, V.